Le problème de la foi (Record no. 90717)

MARC details
000 -LEADER
campo de control de longitud fija 00476nam a2200157 i 4500
001 - NÚMERO DE CONTROL
campo de control 90717
003 - IDENTIFICADOR DE NÚMERO DE CONTROL
campo de control ES-MaACL
005 - FECHA Y HORA DE LA ÚLTIMA TRANSACCIÓN
campo de control 20230906180537.0
007 - CAMPO FIJO DE DESCRIPCIÓN FÍSICA--INFORMACIÓN GENERAL
campo de control de longitud fija t|
008 - DATOS DE LONGITUD FIJA--INFORMACIÓN GENERAL
campo de control de longitud fija 050124s1949 fr ||||1| fre d
100 1# - ENTRADA PRINCIPAL--NOMBRE DE PERSONA
Nombre de persona Leclercq, Jacques.
9 (RLIN) 71094
245 13 - MENCIÓN DEL TÍTULO
Título Le problème de la foi
Resto del título : dans les milieux intellectuels au XXe siècle /
Mención de responsabilidad, etc. Jacques Leclercq.
260 ## - PUBLICACIÓN, DISTRIBUCIÓN, ETC.
Lugar de publicación, distribución, etc. Tournai, etc. :
Nombre del editor, distribuidor, etc. Casterman,
Fecha de publicación, distribución, etc. 1949.
300 ## - DESCRIPCIÓN FÍSICA
Extensión 83 p. ;
Dimensiones 18 cm.
852 ## - LOCALIZACIÓN
Ubicación ES-MaACL
Número de control de estantería 1912-F-15
Sublocalización o colección R.29956
Holdings
Estatus retirado Estado de pérdida Estado de daño No para préstamo Colección Biblioteca de origen Biblioteca actual Ubicación en estantería Fecha de adquisición Fuente de adquisición Total de préstamos Signatura topográfica completa Código de barras Visto por última vez Precio de reemplazo Tipo de ítem Koha
        Colección de folletos Biblioteca del Ateneo de Madrid Biblioteca del Ateneo de Madrid Depósito folletos 17/01/2008     1912-F-15 1094722 23/02/2023 23/02/2023 Folleto